000 00563cam a22002051 4500
001 e 42000382
003 DLC
005 20260227111231.0
008 780407s1940 xx 000 0 eng
010 _ae 42000382
035 _a(OCoLC)3787306
040 _aDLC
_cOKentU
_dDLC
042 _apremarc
050 0 0 _aZ733.T64
_bL5
110 1 _aToledo (Ohio).
_bPublic library.
245 1 2 _aA little journey through the new Toledo Public library.
260 _a[Toledo?
_c1940?]
300 _a15, [3] p.
_billus. (incl. plans)
_c21 cm.
500 _aCover title.
999 _c21905
_d21905